Japan's foreign trade

שמור ב:
מידע ביבליוגרפי
פורמט: ספר
שפה:Undetermined
יצא לאור: New York Greenwood Press 1969
תגים: הוספת תג
אין תגיות, היה/י הראשונ/ה לתייג את הרשומה!
Thư viện lưu trữ: Trung tâm Học liệu Trường Đại học Cần Thơ
LEADER 00367nam a2200145Ia 4500
001 CTU_97029
008 210402s9999 xx 000 0 und d
082 |a 382.0952 
082 |b J35 
245 0 |a Japan's foreign trade 
260 |a New York 
260 |b Greenwood Press 
260 |c 1969 
904 |i Năm 
980 |a Trung tâm Học liệu Trường Đại học Cần Thơ